00917nam a22002417a 450000500170000001000130001702000210003003500130005103700160006404000120008008200160009210000230010824500790013126000560021027000580026630000250032450000610034965000260041065000330043694200250046999900190049495201620051320170124110052.0 aA-895860 c00.00a812241026 aA-895860 bCen Lib/Ret aDPLbEN a657.72bJOS aJoshi, R.N.925596 aCash management :cby R.N. Joshi bperspectives, principles and practice / aNew Delhi bNew Age International Publishers c1997 a4835/24,Ansari Road, Dariya Ganj bNew Delhi e110002 axii, 248p.c21cm(Hb) aIncludes glossary, bibliographical references and index  aCash business 925597 aBusiness transaction 925598 2ddccENh657.72mJOS c129160d129160 04104070aLbLd2015-07-04eCen Lib/Retg0.00l0o657.72 JOSpA-895860r2015-07-04 00:00:00t1v0.00w2015-07-04yENzW/d List No. 6872/20 ; dtd 18/08/2020